<?xml version="1.0" encoding="UTF-8"?>
<record
    xmlns:xsi="http://www.w3.org/2001/XMLSchema-instance"
    xsi:schemaLocation="http://www.loc.gov/MARC21/slim http://www.loc.gov/standards/marcxml/schema/MARC21slim.xsd"
    xmlns="http://www.loc.gov/MARC21/slim">

  <leader>00645nam a2200229Ia 4500</leader>
  <datafield tag="999" ind1=" " ind2=" ">
    <subfield code="c">51823</subfield>
    <subfield code="d">51823</subfield>
  </datafield>
  <controlfield tag="001">54415</controlfield>
  <controlfield tag="003">OSt</controlfield>
  <controlfield tag="005">20220121120750.0</controlfield>
  <controlfield tag="008">140505s9999    xx            000 0 und d</controlfield>
  <datafield tag="020" ind1=" " ind2=" ">
    <subfield code="a">NA</subfield>
  </datafield>
  <datafield tag="040" ind1=" " ind2=" ">
    <subfield code="c">PK-LaUMT</subfield>
  </datafield>
  <datafield tag="082" ind1=" " ind2=" ">
    <subfield code="a"> 348.5491026</subfield>
    <subfield code="b">FAH-S</subfield>
  </datafield>
  <datafield tag="100" ind1=" " ind2=" ">
    <subfield code="a">Fahim Ahmed Siddqiqui</subfield>
  </datafield>
  <datafield tag="245" ind1=" " ind2=" ">
    <subfield code="a">Sindh Balochistan law reports digest</subfield>
    <subfield code="b">11 years complete digest 2001 to 2011</subfield>
    <subfield code="c">Fahim Ahmed Siddqiqui&lt;&gt;Saeed Siddiqui</subfield>
  </datafield>
  <datafield tag="260" ind1=" " ind2=" ">
    <subfield code="a">Karachi,Pakistan:</subfield>
    <subfield code="b">Asia Law House,</subfield>
    <subfield code="c">2012</subfield>
  </datafield>
  <datafield tag="300" ind1=" " ind2=" ">
    <subfield code="a">2209 p.</subfield>
  </datafield>
  <datafield tag="501" ind1=" " ind2=" ">
    <subfield code="a">3 vols</subfield>
  </datafield>
  <datafield tag="546" ind1=" " ind2=" ">
    <subfield code="a">EN</subfield>
  </datafield>
  <datafield tag="650" ind1=" " ind2=" ">
    <subfield code="a">Sindh Balochistan-Law reports</subfield>
  </datafield>
  <datafield tag="700" ind1=" " ind2=" ">
    <subfield code="a">Saeed Siddiqui</subfield>
  </datafield>
  <datafield tag="942" ind1=" " ind2=" ">
    <subfield code="c">LPJ</subfield>
    <subfield code="2">ddc</subfield>
  </datafield>
  <datafield tag="952" ind1=" " ind2=" ">
    <subfield code="0">0</subfield>
    <subfield code="1">0</subfield>
    <subfield code="2">ddc</subfield>
    <subfield code="4">0</subfield>
    <subfield code="7">0</subfield>
    <subfield code="a">01</subfield>
    <subfield code="b">01</subfield>
    <subfield code="d">2014-05-05</subfield>
    <subfield code="l">0</subfield>
    <subfield code="o"> 348.5491026 FAH-S</subfield>
    <subfield code="p">64407</subfield>
    <subfield code="r">2014-05-08 00:00:00</subfield>
    <subfield code="w">2014-05-08</subfield>
    <subfield code="y">BK</subfield>
  </datafield>
  <datafield tag="952" ind1=" " ind2=" ">
    <subfield code="0">0</subfield>
    <subfield code="1">0</subfield>
    <subfield code="2">ddc</subfield>
    <subfield code="4">0</subfield>
    <subfield code="7">0</subfield>
    <subfield code="a">01</subfield>
    <subfield code="b">01</subfield>
    <subfield code="d">2014-06-28</subfield>
    <subfield code="l">0</subfield>
    <subfield code="o">348.5491026 FAH-S</subfield>
    <subfield code="p">64408</subfield>
    <subfield code="r">2026-06-06 09:10:08</subfield>
    <subfield code="w">2014-06-28</subfield>
    <subfield code="y">BK</subfield>
  </datafield>
  <datafield tag="952" ind1=" " ind2=" ">
    <subfield code="0">0</subfield>
    <subfield code="1">0</subfield>
    <subfield code="2">ddc</subfield>
    <subfield code="4">0</subfield>
    <subfield code="7">0</subfield>
    <subfield code="a">01</subfield>
    <subfield code="b">01</subfield>
    <subfield code="d">2014-06-28</subfield>
    <subfield code="l">0</subfield>
    <subfield code="o">348.5491026 FAH-S</subfield>
    <subfield code="p">64409</subfield>
    <subfield code="r">2014-06-28 00:00:00</subfield>
    <subfield code="w">2014-06-28</subfield>
    <subfield code="y">BK</subfield>
  </datafield>
</record>
